<?xml version="1.0" encoding="UTF-8"?>
<collection xmlns="http://www.loc.gov/MARC21/slim">
 <record>
  <leader>00513pamaa2200169   4500</leader>
  <controlfield tag="001">0000034370</controlfield>
  <controlfield tag="005">20130814090000.0</controlfield>
  <datafield tag="020" ind1="0" ind2="0">
   <subfield code="a">0766806561 </subfield>
  </datafield>
  <datafield tag="082" ind1=" " ind2=" ">
   <subfield code="a">620.0042 CON</subfield>
  </datafield>
  <datafield tag="090" ind1="0" ind2="0">
   <subfield code="a">T385 </subfield>
   <subfield code="b">CON 1998</subfield>
  </datafield>
  <datafield tag="100" ind1="1" ind2="0">
   <subfield code="a">CONFORTI </subfield>
  </datafield>
  <datafield tag="245" ind1="1" ind2="0">
   <subfield code="a">Microstation for autocad users : </subfield>
   <subfield code="b">a bi-directional handbook  </subfield>
   <subfield code="c">Frank Conforti, Ralph Grabowski.</subfield>
  </datafield>
  <datafield tag="260" ind1="0" ind2="0">
   <subfield code="a">[?]: </subfield>
   <subfield code="b">Delmar Publishers, </subfield>
   <subfield code="c">1998.</subfield>
  </datafield>
  <datafield tag="300" ind1=" " ind2=" ">
   <subfield code="a">xxix, 742p.: </subfield>
   <subfield code="b">ill.; </subfield>
   <subfield code="c">24cm.</subfield>
  </datafield>
  <datafield tag="500" ind1="0" ind2="0">
   <subfield code="a">Includes 1 diskette</subfield>
  </datafield>
  <datafield tag="650" ind1="0" ind2="0">
   <subfield code="a">Computer graphics </subfield>
  </datafield>
  <datafield tag="650" ind1="0" ind2="0">
   <subfield code="a">AutoCAD (Computer file) </subfield>
  </datafield>
 </record>
</collection>
